| 000 | 00405nam a22001697a 4500 | ||
|---|---|---|---|
| 003 | MACL | ||
| 005 | 20160114171217.0 | ||
| 008 | 160114b xxu||||| |||| 00| 0 eng d | ||
| 040 | _cMACL | ||
| 041 | _aEnglish | ||
| 082 | _a300/GOS | ||
| 100 |
_aGoswami,Rahul _932404 |
||
| 245 | _aPutting Women First | ||
| 260 |
_aKolkata _bBhatkal and Sen _c2011 |
||
| 650 |
_aSocial Science _932405 |
||
| 942 |
_2ddc _cBK |
||
| 999 |
_c52322 _d52322 |
||